Catálogo

GUIONISMO (Registro nro. 6183)

Detalles MARC
000 -LEADER
fixed length control field 00461nam a2200181 a 4500
001 - CONTROL NUMBER
control field 6183
005 - DATE AND TIME OF LATEST TRANSACTION
control field 20180713190033.0
008 - FIXED-LENGTH DATA ELEMENTS--GENERAL INFORMATION
fixed length control field 140415s1991 mx 000 0 spa d
020 ## - INTERNATIONAL STANDARD BOOK NUMBER
International Standard Book Number 9681319435
041 ## - LANGUAGE CODE
Language code of text/sound track or separate title spa
082 ## - DEWEY DECIMAL CLASSIFICATION NUMBER
Classification number 808.02
Item number ADA
100 1# - MAIN ENTRY--PERSONAL NAME
Personal name ADAME GODDARD, LOURDES
245 10 - TITLE STATEMENT
Title GUIONISMO
250 ## - EDITION STATEMENT
Edition statement 1a ed.
260 ## - PUBLICATION, DISTRIBUTION, ETC.
Place of publication, distribution, etc. MEXICO :
Name of publisher, distributor, etc. DIANA,
Date of publication, distribution, etc. 1991
300 ## - PHYSICAL DESCRIPTION
Extent 104
650 14 - SUBJECT ADDED ENTRY--TOPICAL TERM
Topical term or geographic name entry element GUIONES CINEMATOGRAFICOS
General subdivision REDACCION DE RESUMENES
Existencias
Withdrawn status Lost status Source of classification or shelving scheme Damaged status Not for loan Home library Current library Shelving location Date acquired Source of acquisition Total Checkouts Full call number Barcode Price effective from Koha item type Collection code Inventory number Date last seen Date last checked out
  No inventariado Dewey Decimal Classification     Biblioteca Karol Wojtyla Biblioteca Karol Wojtyla   03/12/2013 Compra   808.02 ADA 21141 03/12/2013 Libro        
    Dewey Decimal Classification     Biblioteca Karol Wojtyla Biblioteca Karol Wojtyla Sala general 03/12/2013 Compra   808.02 ADA 18570 03/12/2013 Libro General 151000000000000000031657 05/01/2026  
    Dewey Decimal Classification     Biblioteca Karol Wojtyla Biblioteca Karol Wojtyla Sala general 03/12/2013 Compra   808.02 ADA 31381 03/12/2013 Libro General 151000000000000000031658 05/01/2026  
    Dewey Decimal Classification     Biblioteca Karol Wojtyla Biblioteca Karol Wojtyla Sala general 03/12/2013 Compra   808.02 ADA 9251 03/12/2013 Libro General 151000000000000000031656 05/01/2026  
    Dewey Decimal Classification     Biblioteca Karol Wojtyla Biblioteca Karol Wojtyla Sala general 03/12/2013 Compra   808.02 ADA 33489 03/12/2013 Libro General 151000000000000000031659 05/01/2026 31/05/2017
  No inventariado Dewey Decimal Classification     Biblioteca Karol Wojtyla Biblioteca Karol Wojtyla   03/12/2013 Compra   808.02 ADA 31878 03/12/2013 Libro